[Event "Santa Cruz Christmas op 32nd"]
[Site "Santa Cruz"]
[Date "2022.12.28"]
[Round "8"]
[White "Montoro Salvatierra, Pedro"]
[Black "Febles Dominguez, Alfonso Jesus"]
[Result "1-0"]
[WhiteElo "1621"]
[BlackElo "1256"]
[PlyCount "71"]
[EventDate "2022.12.15"]
[EventType "swiss"]
[EventRounds "9"]
[EventCountry "ESP"]
[SourceTitle "EXT 2024"]
[Source "ChessBase"]
[SourceDate "2023.10.10"]
[SourceVersion "1"]
[SourceVersionDate "2023.10.10"]
[SourceQuality "1"]

1. d4 d5 2. Nf3 Nf6 3. c4 e6 4. Nc3 c6 5. Bg5 Be7 6. e3 Nbd7 7. Bd3 h6 8. Bf4 Nh5 9. Be5 Nhf6 10. Bg3 Nh5 11. cxd5 exd5 12. Nh4 Nxg3 13. hxg3 Nf6 14. Nf5 Bxf5 15. Bxf5 Bb4 16. Qd3 Qe7 17. 0-0 0-0 18. Rfc1 Bxc3 19. bxc3 Ne4 20. c4 Nd6 21. cxd5 cxd5 22. Bg4 Qe4 23. Qe2 Rfe8 24. Bf3 Qf5 25. Rc7 Rab8 26. Rac1 Rbc8 27. Rxc8 Rxc8 28. Rxc8+ Qxc8 29. Bxd5 Qc1+ 30. Kh2 Qc7 31. e4 Kh8 32. Qd3 Qc1 33. e5 Qg5 34. Bf3 Qf5 35. Qe2 Nb5 36. Qxb5 1-0

[Event "Salou op U2300 3rd"]
[Site "Salou"]
[Date "2018.04.30"]
[Round "5"]
[White "Montoro Salvatierra, Pedro"]
[Black "Sanges Montfort, Joan"]
[Result "1-0"]
[WhiteElo "1866"]
[BlackElo "1752"]
[PlyCount "23"]
[EventDate "2018.04.28"]
[EventType "swiss"]
[EventRounds "7"]
[EventCountry "ESP"]
[SourceTitle "CBM 184 Extra"]
[Source "ChessBase"]
[SourceDate "2018.06.28"]
[SourceVersion "1"]
[SourceVersionDate "2018.06.28"]
[SourceQuality "1"]

1. d4 c5 2. d5 Nf6 3. Nc3 d6 4. e4 e5 5. Bb5+ Nbd7 6. f4 exf4 7. Bxf4 a6 8. Bxd7+ Bxd7 9. Nf3 b5 10. e5 b4 11. exf6 Qxf6 12. Bg5 1-0